The Korean War (Record no. 551892)

000 -LEADER
fixed length control field 00429nam a22001457a 4500
082 ## - DEWEY DECIMAL CLASSIFICATION NUMBER
Classification number 951.9042
Author Mark MAZ
-- L-30, P-54
100 ## - MAIN ENTRY--PERSONAL NAME
Personal name Mazhar, Lt Col
9 (RLIN) 49059
245 ## - TITLE STATEMENT
Title The Korean War
Remainder of title Books of military history
Statement of responsibility, etc. Lt Col Mazhar
260 ## - PUBLICATION, DISTRIBUTION, ETC.
Place of publication, distribution, etc. Pakistan
Name of publisher, distributor, etc. Pak Army, 52 Cav
Date of publication, distribution, etc. 1977
300 ## - PHYSICAL DESCRIPTION
Extent 64. p:
526 ## - STUDY PROGRAM INFORMATION NOTE
Program name 0
Interest level 0
Reading level 0
Title point value 951_904200000000000_MAZ
526 ## - STUDY PROGRAM INFORMATION NOTE
Program name 0
Interest level 0
Reading level 0
Title point value 951_904200000000000_MAZ
650 ## - SUBJECT ADDED ENTRY--TOPICAL TERM
Topical term or geographic name entry element MCE
9 (RLIN) 379
942 ## - ADDED ENTRY ELEMENTS (KOHA)
Source of classification or shelving scheme
Koha item type Book
Holdings
Withdrawn status Lost status Source of classification or shelving scheme Damaged status Not for loan Permanent Location Current Location Date acquired Total Checkouts Full call number Barcode Date last seen Price effective from Koha item type
          Military College of Engineering (MCE) Military College of Engineering (MCE) 01/01/2015   951.9042 MAZ MCE-33353 01/01/2015 01/01/2015 Book
          Military College of Engineering (MCE) Military College of Engineering (MCE) 01/01/2015   951.9042 MAZ MCE-33543(A) 01/01/2015 01/01/2015 Book
© 2023 Central Library, National University of Sciences and Technology. All Rights Reserved.